Theory and problems of probability and statistics / (Record no. 1881)
[ view plain ]
| 000 -LEADER | |
|---|---|
| fixed length control field | 00602nam a22002177a 4500 |
| 001 - CONTROL NUMBER | |
| control field | BD-DhSAU 1881 |
| 003 - CONTROL NUMBER IDENTIFIER | |
| control field | BD-DhSAU |
| 005 - DATE AND TIME OF LATEST TRANSACTION | |
| control field | 20150121143105.0 |
| 008 - FIXED-LENGTH DATA ELEMENTS--GENERAL INFORMATION | |
| fixed length control field | 150121b1975 si a||||r|||| 001 0 eng d |
| 020 ## - INTERNATIONAL STANDARD BOOK NUMBER | |
| International Standard Book Number | 007990301 |
| 040 ## - CATALOGING SOURCE | |
| Original cataloging agency | BD-DhSAU |
| 082 ## - DEWEY DECIMAL CLASSIFICATION NUMBER | |
| Edition number | 22 |
| Classification number | 519.2 |
| Item number | SPT |
| 100 ## - MAIN ENTRY--PERSONAL NAME | |
| Personal name | Spigel, Murray R. |
| 245 ## - TITLE STATEMENT | |
| Title | Theory and problems of probability and statistics / |
| Statement of responsibility, etc. | Murray R. Spigel. |
| 260 ## - PUBLICATION, DISTRIBUTION, ETC. (IMPRINT) | |
| Place of publication, distribution, etc. | Singapore : |
| Name of publisher, distributor, etc. | Schaum's Outline Sries ; |
| Date of publication, distribution, etc. | c1975. |
| 300 ## - PHYSICAL DESCRIPTION | |
| Extent | vii, 372 p. : |
| Other physical details | ill. ; |
| Dimensions | 26 cm. |
| 504 ## - BIBLIOGRAPHY, ETC. NOTE | |
| Bibliography, etc | Includes index. |
| 590 ## - Name of Cataloguer | |
| Name of Cataloger | joy |
| 650 ## - SUBJECT ADDED ENTRY--TOPICAL TERM | |
| Topical term or geographic name as entry element | Statistics. |
| 650 ## - SUBJECT ADDED ENTRY--TOPICAL TERM | |
| Topical term or geographic name as entry element | Probability. |
| 942 ## - ADDED ENTRY ELEMENTS (KOHA) | |
| Source of classification or shelving scheme | Dewey Decimal Classification |
| Koha item type | Book |
| Withdrawn status | Lost status | Source of classification or shelving scheme | Damaged status | Not for loan | Home library | Branch Name | Shelving location | Date acquired | Total Checkouts | Full call number | Barcode | Date last seen | Price effective from | Koha item type | Collection code |
|---|---|---|---|---|---|---|---|---|---|---|---|---|---|---|---|
| Dewey Decimal Classification | SAU Library | SAU Library | General Stacks | 16/05/1985 | 519.2 SPT | 9751 | 21/01/2015 | 21/01/2015 | Book | ||||||
| Dewey Decimal Classification | Not For Loan | SAU Library | SAU Library | Reference | 16/05/1985 | 519.2 SPT | 9754 | 01/05/2015 | 01/05/2015 | Book | Reference | ||||
| Dewey Decimal Classification | SAU Library | SAU Library | 16/05/1985 | 519.2 SPT | 9750 | 10/06/2015 | 10/06/2015 | Book | Reference | ||||||
| Dewey Decimal Classification | Not For Loan | SAU Library | SAU Library | Reference | 16/05/1985 | 519.2 SPT | 9752 | 10/06/2015 | 10/06/2015 | Book | Reference |
